|
|
|
|
| LEADER |
01933ncm a2200517 a 4500 |
| 001 |
nkc20132434895 |
| 003 |
CZ PrNK |
| 005 |
20130812074420.0 |
| 007 |
qu |
| 008 |
130523s2012 xr sya g h nn zxx |
| 015 |
|
|
|a cnb002434895
|
| 024 |
2 |
|
|a 979-0-66061-226-2
|q (brož.)
|
| 028 |
2 |
1 |
|a R 259
|b Český rozhlas
|
| 040 |
|
|
|a ABA001
|b cze
|
| 041 |
0 |
|
|g cze
|g eng
|
| 048 |
|
|
|a oa01
|
| 072 |
|
7 |
|a 785
|x Instrumentální hudba. Symfonická hudba. Hudba pro více nástrojů
|2 Konspekt
|9 9
|
| 080 |
|
|
|a 78.082.1
|2 MRF
|
| 080 |
|
|
|a 78.089.6
|2 MRF
|
| 100 |
1 |
|
|a Blodek, Vilém,
|d 1834-1874
|7 jn19990009802
|4 cmp
|
| 240 |
1 |
0 |
|a Symfonie,
|r d moll
|7 aun2013762616
|
| 245 |
1 |
0 |
|a Symfonie d moll
|h [hudebnina] =
|b Symphony d minor /
|c Vilém Blodek ; editor František Kolář
|
| 246 |
3 |
1 |
|a Symphony d minor
|
| 250 |
|
|
|a 1. vyd.
|
| 260 |
|
|
|a Praha :
|b Český rozhlas,
|c 2012
|
| 300 |
|
|
|a 1 partitura (xiii, 289 s.) :
|b 4 s. faksim. ;
|c 30 cm
|
| 306 |
|
|
|a 003400
|
| 382 |
0 |
1 |
|a symfonický orchestr
|
| 500 |
|
|
|a Durata cca 34'
|
| 505 |
0 |
|
|a I. Andante sostenuto -- II. Andante sostenuto -- III. Scherzo -- IV. Finale. Vivace molto
|
| 546 |
|
|
|a Předmluva česky a anglicky
|
| 648 |
|
7 |
|a 19. století
|7 ch460557
|2 czenas
|
| 650 |
0 |
7 |
|a symfonie
|7 ph126358
|z Česko
|y 19. století
|2 czenas
|
| 650 |
0 |
9 |
|a symphonies
|z Czechia
|y 19th century
|2 eczenas
|
| 655 |
|
7 |
|a symfonie
|7 fd980015
|2 czenas
|
| 655 |
|
7 |
|a partitury
|7 fd185981
|2 czenas
|
| 655 |
|
9 |
|a symphonies
|2 eczenas
|
| 655 |
|
9 |
|a scores
|2 eczenas
|
| 700 |
1 |
|
|a Kolář, František,
|d 1980-
|7 xx0128100
|4 edt
|4 wfw
|
| 910 |
2 |
|
|a BOA001
|b Mus4-1305.421
|
| 990 |
|
|
|a MU
|
| 995 |
|
|
|a 01
|
| 991 |
|
|
|b 201306
|c NOV
|
| 925 |
|
|
|a symfonický orchestr
|b orch sinf
|
| 996 |
6 |
|
|b 2610549543
|c Mus4-1305.421
|l MZK
|r Sklad / do 1 hodiny
|n 0
|p p.v.
|w 001328675
|u 000010
|a 1
|e BOA001
|j MZK50
|s P
|
| 996 |
7 |
|
|b 2610552779
|c Mus4-1305.421
|l MZK
|r Sklad / do 1 hodiny
|n 1
|p kup
|w 001328675
|u 000020
|a 1
|e BOA001
|j MZK50
|s A
|